00864nam a2200217Ia 4500003000900000008004100009040001600050080001500066100002300081245010500104260006400209300001600273490004600289500007500335650004100410650002900451700002800480942000700508999001500515952011600530IN-BaIIA211028s9999 xx 000 0 eng d cIIA Library a521.1bEGO aEgorov, V. A96635 0aThree-dimensional lunar trajectoriescV. A. Egorov; translated from Russian and edited by Ron Hardin aJerusalembIsrael Program for Scientific Translationsc1969 aviii, 149p. aMechanics of space flight, NASA TT; F-504 aTranslation of Prostranstvennai︠a︡ zadacha dostizhenii︠a︡ Luny aAstronomy and astrophysics thesaurus aDynamical astronomy9912 aHardin, Ron., tr.96636 cBK c3738d3738 00104070aBANbBANcGENd1971-07-24g60.75l0o521.1/ EGOp4170r2021-11-05v60.75w1971-07-24yBKGRs. 60.75